00298nam a2200121Ia 4500008004100000020001800041041000800059082001600067100001600083245002800099260004000127300000900167221007s9999 xx 000 0 und d a1-84013-719-3 aeng a920.71bYOG aYogananda P aAutobiography of A Yogi c2004bParamahans YoganandaNew York a375p